| 000 | 00543nam a2200169 i 4500 | ||
|---|---|---|---|
| 001 | 100345 | ||
| 003 | ES-MaACL | ||
| 007 | t| | ||
| 008 | 050926s1972 sp ||||1| spa d | ||
| 100 | 1 |
_aMartinot, Roger. _978509 |
|
| 245 | 1 | 0 |
_aEstabulación libre de bovinos / _cR. Martinot, J. C. Souty; versión... de C. Ratera García. |
| 260 |
_aMadrid : _bMundi-Prensa, _c1972. |
||
| 300 |
_a278 p. : _bil. ; _c22 cm. |
||
| 700 | 1 |
_aSouty, Jean-Claude. _9107601 |
|
| 700 | 1 |
_aRatera García, Clemente. _995521 |
|
| 852 |
_aES-MaACL _jE-7726 _bR.92034 |
||
| 999 |
_c100345 _d100345 |
||